Superhero Characters that have an Animal in their Names - Statistics

General Stats
  • This quiz has been taken 42 times
  • The average score is 20 of 65
Answer Stats
Answer % Correct
Batman
88%
Spider-Man
88%
Catwoman
76%
The Lizard
74%
Ant-Man
71%
Black Panther
71%
Hawk
68%
Wolverine
62%
Robin
59%
The Wasp
59%
Vulture
59%
Spider-Woman
56%
Falcon
53%
Hawkeye
53%
Killer Croc
47%
Batgirl
41%
Bat Woman
38%
Black Cat
38%
Black Widow
38%
Doctor Octopus
38%
Rhino
38%
Scorpion
38%
Hawkman
35%
Rocket Raccoon
35%
Cheetah
32%
Man Bat
32%
Sabretooth
32%
Squirrel Girl
32%
The Penguin
32%
Black Canary
29%
Gorilla Grodd
29%
Hawkgirl
29%
Toad
29%
Black Manta
26%
King Shark
26%
White Tiger
26%
Cat Man
21%
Frog-Man
21%
Nightwing
21%
Dove
18%
Raven
18%
Yellowjacket
18%
Firefly
15%
Werewolf by Night
15%
White Wolf
15%
Owlman
12%
Stingray
12%
White Canary
12%
Chameleon
9%
Howard the Duck
9%
Orca
9%
The Pheonix
9%
Tiger Shark
9%
Wildcat
9%
Wild Dog
9%
Bronze Tiger
6%
Dolphin
6%
Human Fly
6%
King Cobra
6%
Black Condor
3%
Bullseye
3%
Dogface
3%
Hellhound
3%
Red Bee
3%
Silver Scorpion
3%
No matching quizzes found
Score Distribution
Percent of People with Each Score
Percentile by Number Answered
Your Score History
You have not taken this quiz